• 首页
  • 本馆介绍
  • 公告通知
  • 最新文献
  • 馆藏检索
  • 电子资源
  • 读者导购
  • 参考咨询
  • 我的图书馆
  • 登录
  • 详细信息显示
  • 放入我的书架
  • 预约/预借图书
  • 作者相关作品
  • 分类相关作品
  • 丛书相关作品
  • 出版社相关作品

书目信息

  • 表格格式
  • 工作单格式
  • 卡片格式
题名:
教育研究方法
    
 
作者: 陈秀珍 , 王玉江 著
分册:  
出版信息: 济南   山东人民出版社  2022.01
页数: 232 页
开本: 24cm
丛书名:
单 册:
中图分类: G40-034
科图分类:
主题词: 教育科学--jiao yu ke xue--研究方法
电子资源:
ISBN: 978-7-209-08660-8
000 01042nam0 2200301 450
001 012001001584
005 20140201155800.0
010    @a978-7-209-08660-8@dCNY32.00
099    @aCAL 012015017991
100    @a20220905d2014 em y0chiy0120 ea
101 0  @achi
102    @aCN@b370000
105    @ak a 000yy
106    @ar
200 1  @a教育研究方法@Ajiao yu yan jiu fang fa@f陈秀珍, 王玉江, 张道祥著
210    @a济南@c山东人民出版社@d2022.01
215    @a232 页@d24cm
300    @a“十二五”普通高等教育规划教材
312    @a封面英文题名: Education research methods
320    @a有书目
330    @a本书共分10章, 内容包括绪论、教育研究的选题、教育文献研究、教育调查研究、教育观察研究、教育实验研究、教育行动研究、教育个案研究、教育研究成果表述等。
510 1  @aEducation research methods@zeng
606 0  @a教育科学@Ajiao yu ke xue@x研究方法
690    @aG40-034@v5
701  0 @a陈秀珍@Achen xiu zhen@4著
701  0 @a王玉江@Awang yu jiang@4著
801  0 @aCN@bAHXH@c20221111
905    @b1366543-7@dG40-034@e1288@f5
    
    教育研究方法/陈秀珍, 王玉江, 张道祥著.-济南:山东人民出版社,2022.01
    232 页;24cm
    “十二五”普通高等教育规划教材
    
    ISBN 978-7-209-08660-8:CNY32.00
    本书共分10章, 内容包括绪论、教育研究的选题、教育文献研究、教育调查研究、教育观察研究、教育实验研究、教育行动研究、教育个案研究、教育研究成果表述等。
●
相关链接 在E读中查询图书 在五车中查询图书 在当当中查询图书 在豆瓣中查询图书


正题名:教育研究方法     索取号:G40-034/1288         预约/预借

序号 登录号 条形码 馆藏地/架位号 状态 备注
1 1366543   213665434   第一样本阅览室/ [索取号:G40-034/1288] 在馆    
2 1366544   213665443   教育系资料室/ [索取号:G40-034/1288] 在馆    
3 1366545   213665452   教育系资料室/ [索取号:G40-034/1288] 在馆    
4 1366546   213665461   第四借阅区/ [索取号:G40-034/1288] 在馆    
5 1366547   213665470   第四借阅区/ [索取号:G40-034/1288] 在馆    
唐山师范学院图书馆 欢迎您!
大连网信软件有限公司© 版权所有